Colección lithográphica de cuadros del Rey de España el Señor Don Fernando VII (Record no. 153178)
[ view plain ]
| 000 -LEADER | |
|---|---|
| campo de control de longitud fija | 01194nam a2200217 i 4500 |
| 001 - NÚMERO DE CONTROL | |
| campo de control | 153178 |
| 003 - IDENTIFICADOR DE NÚMERO DE CONTROL | |
| campo de control | ES-MaACL |
| 005 - FECHA Y HORA DE LA ÚLTIMA TRANSACCIÓN | |
| campo de control | 20250819035419.0 |
| 008 - DATOS DE LONGITUD FIJA--INFORMACIÓN GENERAL | |
| campo de control de longitud fija | 931025s18261832sp a |||| | spa d |
| 080 ## - NÚMERO DE LA CLASIFICACIÓN DECIMAL UNIVERSAL | |
| Número de la Clasificación Decimal Universal | 76.035(460) |
| 245 00 - MENCIÓN DEL TÍTULO | |
| Título | Colección lithográphica de cuadros del Rey de España el Señor Don Fernando VII |
| Resto del título | : obra dedicada a S. M. lithographiada por hábiles artistas / |
| Mención de responsabilidad, etc. | bajo la dirección de D. José de Madrazo. |
| 260 ## - PUBLICACIÓN, DISTRIBUCIÓN, ETC. | |
| Lugar de publicación, distribución, etc. | Madrid : |
| Nombre del editor, distribuidor, etc. | Real Establecimiento Lithográfico, |
| Fecha de publicación, distribución, etc. | 1826-1832. |
| 300 ## - DESCRIPCIÓN FÍSICA | |
| Extensión | 3 v. : |
| Otras características físicas | grab. ; |
| Dimensiones | 62 cm. |
| 500 ## - NOTA GENERAL | |
| Nota general | En v. 1 dedicatorias y retrato del rey Fernando VII, prólogo, descripción y vista del Museo del Prado; en v. 2 dedicatoria y retrato de la reina María Cristina y vista del Museo del Prado; en v. 3 retrato de la reina Isabel II. |
| 600 07 - PUNTO DE ACCESO ADICIONAL DE MATERIA--NOMBRE DE PERSONA | |
| Nombre de persona | Fernando |
| Numeración | VII, |
| Títulos y otros términos asociados al nombre | Rey de España- |
| Subdivisión general | Colecciones de arte |
| Fuente del encabezamiento o término | |
| 9 (RLIN) | 155571 |
| 650 #4 - PUNTO DE ACCESO ADICIONAL DE MATERIA--TÉRMINO DE MATERIA | |
| Término de materia o nombre geográfico como elemento de entrada | Litografías- |
| Subdivisión cronológica | S.XIX. |
| 9 (RLIN) | 136440 |
| 650 #4 - PUNTO DE ACCESO ADICIONAL DE MATERIA--TÉRMINO DE MATERIA | |
| Término de materia o nombre geográfico como elemento de entrada | Grabado español- |
| Subdivisión cronológica | S.XIX. |
| 9 (RLIN) | 155570 |
| 700 1# - ENTRADA AGREGADA--NOMBRE PERSONAL | |
| Nombre de persona | Madrazo, José de. |
| 9 (RLIN) | 75339 |
| 852 4# - LOCALIZACIÓN | |
| Ubicación | ES-MaACL |
| Número de control de estantería | B-6994-96 |
| Nota libre | -- Enc. tela conservando la cub. original |
| -- | -- Sello de la Real Biblioteca, Cambio-Duplicado |
| condición física | -- El t.III falto de la port. |
| Estatus retirado | Estado de pérdida | Estado de daño | No para préstamo | Colección | Biblioteca de origen | Biblioteca actual | Ubicación en estantería | Fecha de adquisición | Fuente de adquisición | Total de préstamos | Signatura topográfica completa | Código de barras | Visto por última vez | Precio de reemplazo | Tipo de ítem Koha |
|---|---|---|---|---|---|---|---|---|---|---|---|---|---|---|---|
| Libros del s. XIX | Biblioteca del Ateneo de Madrid | Biblioteca del Ateneo de Madrid | Sala Pardo Bazán | 17/01/2008 | B-6994-96 | 1160051 | 23/02/2023 | 23/02/2023 | Libro impreso antiguo |
